000 00602nam a2200229Ia 4500
003 OSt
005 20220918202539.0
006 a|||||r|||| 00| 0
007 ta
008 220917b |||||||| |||| 00| 0 eng d
024 _a102,025
037 _cTextual
040 _aARTS
_cARTS
_beng
041 _2eng
_aeng
082 _aV22,4.N6, L6
100 _aWalch James
_9104271
245 0 _aFaction and front
_b party systems in South India
260 _aN.D
_bYoung Asia
_c1976
650 _aHISTORY
942 _hV22,4.N6, L6
_cTEXL
_2CC
999 _c225485
_d225485